| 000 | 00818 a2200241 4500 | ||
|---|---|---|---|
| 005 | 20180312141942.0 | ||
| 008 | 130930s1997 sp a ar|||| 00| 0 spa d | ||
| 020 | _a8434866439 | ||
| 040 |
_aCO-BoUCM _bspa _cJose A. Gerena _dDiana Londoño |
||
| 041 | 0 | 0 | _aspa |
| 100 | 1 |
_aRodenas, Antonia _946779 |
|
| 245 | 1 | 0 |
_aEn el mar _cAntonia Rodenas ; ilustraciones de Avi |
| 260 |
_c1997 _bSM _aMadrid (España) |
||
| 300 |
_a29 páginas _bilustraciones a color |
||
| 490 |
_aLos piratas _aEl barco de vapor _v37 |
||
| 650 | 7 |
_912270 _aCuentos españoles |
|
| 650 | 7 |
_918680 _aLiteratura infantil |
|
| 650 | 7 |
_aCuentos ilustrados _958430 |
|
| 690 |
_942863 _aLiteratura europea |
||
| 700 | 0 |
_aAvi _eilustrador _947468 |
|
| 942 |
_a18 _cLIBRO _e1 _m868.64 R687e _2DEWEY _h868.64 _n0 |
||
| 999 |
_c181729 _d181729 |
||